| 000 | 01041nam a2200325 i 4500 | ||
|---|---|---|---|
| 001 | bg | ||
| 100 | 1 |
_aPinder, John _d(1924- ). |
|
| 245 | 1 | 0 |
_aUnia Europejska / _cJohn Pinder, Simon Usherwood ; tł. Jarosław Sawicki. |
| 246 | 1 |
_iTyt. oryg.: _aEuropean Union |
|
| 260 |
_aWarszawa : _bPolskie Wydawnictwo Ekonomiczne, _c2009. |
||
| 300 |
_a206 s. : _bil. ; _c21 cm. |
||
| 500 | _aTyt. oryg.: "The European Union : a very short introduction" 2007. | ||
| 650 | 9 | _aUnia Europejska | |
| 650 | 9 |
_aIntegracja europejska _yod 1945 r. |
|
| 655 | _aPodręczniki akademickie | ||
| 700 | 1 | _aUsherwood, Simon McDoughall. | |
| 700 | 1 |
_aSawicki, Jarosław. _eTł. |
|
| 020 | _a9788320817935 | ||
| 040 | _cBPK | ||
| 041 | _apol | ||
| 044 | _aPOL | ||
| 080 | _a327.39(4-67) | ||
| 080 | _a339.923(4-67) | ||
| 080 | _a061.1(4-67) | ||
| 080 | _a(075.8) | ||
| 920 | _a978-83-208-1793-5 | ||
| 942 | _cKS | ||
| 008 | s pl f |000 0 pol | ||
| 999 |
_c55899 _d55899 |
||
| 856 |
_uhttp://koha.tu.koszalin.pl/cgi-bin/koha/opac-detail.pl?biblionumber=55899 _yKatalog online BPK |
||